000 00675cam a22002291 4500
999 _c5009
_d5009
001 9285436
003 GBCCL
005 20241126110531.0
008 781026s1947 miu 000 0beng
010 _a 47024760
035 _a(OCoLC)4320596
040 _aDLC
_cMiGrC
_dMiGrC
_dDLC
050 0 0 _aBV3271.J81
_bM5
082 _a266.0092
_bMIL
100 1 _aMiller, Basil,
_d1897-1978.
_99031
245 0 0 _aAnn Judson, heroine of Burma,
_cby Basil Miller.
260 _aGrand Rapids, Mich.,
_bZondervan
_c[1947]
300 _a131 p.
_c20 cm.
600 1 0 _aJudson, Ann Hasseltine,
_d1789-1826.
_99041
906 _a7
_bcbc
_coclcrpl
_du
_encip
_f19
_gy-gencatlg
942 _2ddc
_cBK
_01